States of India by Picture - Statistics

General Stats
  • This quiz has been taken 28 times
  • The average score is 9 of 36
Answer Stats
Picture Answer % Correct
Tamil Nadu
87%
Punjab
65%
Gujarat
61%
Rajasthan
57%
Uttar Pradesh
57%
Delhi
48%
Telangana
48%
Maharashtra
43%
Jammu and Kashmir
35%
Goa
30%
Himachal Pradesh
30%
Sikkim
30%
Karnataka
26%
Kerala
26%
Lakshadweep
26%
Mizoram
26%
Odisha
26%
Andaman and Nicobar Islands
22%
Chhattisgarh
22%
Andhra Pradesh
17%
Bihar
17%
Uttarakhand
17%
Arunachal Pradesh
13%
Madhya Pradesh
13%
Manipur
13%
Puducherry
13%
West Bengal
13%
Assam
9%
Jharkhand
9%
Meghalaya
9%
Tripura
9%
Nagaland
4%
Chandigarh
0%
Dadra and Nagar Haveli
0%
Daman and Diu
0%
Haryana
0%
No matching quizzes found
Score Distribution
Percent of People with Each Score
Percentile by Number Answered
Your Score History
You have not taken this quiz